[Event "DVM U16 2021"]
[Site "Kiel GER"]
[Date "2022.07.24"]
[Round "4"]
[White "Abou Wally, Adrian"]
[Black "Fedgenhäuer, Paul"]
[Result "1-0"]
[Termination "normal"]
[Board "10.1"]
[WhiteElo "1624"]
[BlackElo "1354"]
[WhiteClock "00:49:13"]
[BlackClock "00:35:56"]
[WhiteTeam "SV Schott Jena"]
[BlackTeam "SV Grün-Weiß Niederwiesa"]
[PlyCount "75"]
[WhiteFideId "16245113"]
[BlackFideId "34628347"]
[EventCountry "GER"]
[EventRounds "7"]
[EventType "team-swiss"]
[EventDate "2022.07.22"]

1. e4 {[%clk 01:30:59]} {[%emt 00:00:03]} e5 {[%clk 01:30:54]} {[%emt
00:00:05]} 2. Nf3 {[%clk 01:31:25]} {[%emt 00:00:04]} Nf6 {[%clk 01:31:19]}
{[%emt 00:00:06]} 3. Nxe5 {[%clk 01:31:44]} {[%emt 00:00:10]} d6 {[%clk
01:31:41]} {[%emt 00:00:07]} 4. Nf3 {[%clk 01:32:10]} {[%emt 00:00:05]} Nxe4
{[%clk 01:31:58]} {[%emt 00:00:12]} 5. Nc3 {[%clk 01:32:33]} {[%emt 00:00:08]}
Nxc3 {[%clk 01:31:34]} {[%emt 00:00:54]} 6. dxc3 {[%clk 01:32:58]} {[%emt
00:00:05]} Be7 {[%clk 01:30:57]} {[%emt 00:01:07]} 7. Be3 {[%clk 01:33:11]}
{[%emt 00:00:17]} Nc6 {[%clk 01:29:58]} {[%emt 00:01:29]} 8. Qd2 {[%clk
01:33:22]} {[%emt 00:00:18]} Be6 {[%clk 01:25:23]} {[%emt 00:05:05]} 9. O-O-O
{[%clk 01:33:26]} {[%emt 00:00:25]} Qd7 {[%clk 01:22:47]} {[%emt 00:03:07]} 10.
Kb1 {[%clk 01:33:49]} {[%emt 00:00:08]} a6 {[%clk 01:18:57]} {[%emt 00:04:20]}
11. Nd4 {[%clk 01:28:26]} {[%emt 00:05:53]} Nxd4 {[%clk 01:17:04]} {[%emt
00:02:22]} 12. Bxd4 {[%clk 01:28:51]} {[%emt 00:00:06]} Rg8 {[%clk 01:13:39]}
{[%emt 00:03:54]} 13. Bd3 {[%clk 01:25:44]} {[%emt 00:03:37]} c5 {[%clk
01:11:32]} {[%emt 00:02:37]} 14. Be3 {[%clk 01:25:40]} {[%emt 00:00:35]} Rh8
{[%clk 01:08:58]} {[%emt 00:03:04]} 15. Be4 {[%clk 01:24:05]} {[%emt 00:02:04]}
Qa4 {[%clk 01:02:51]} {[%emt 00:06:35]} 16. Bd5 {[%clk 01:21:41]} {[%emt
00:02:57]} Bxd5 {[%clk 01:02:22]} {[%emt 00:00:58]} 17. Qxd5 {[%clk 01:22:07]}
{[%emt 00:00:05]} Qd7 {[%clk 01:01:44]} {[%emt 00:01:07]} 18. Bxc5 {[%clk
01:21:01]} {[%emt 00:01:37]} Rd8 {[%clk 00:58:12]} {[%emt 00:04:01]} 19. Bb6
{[%clk 01:17:00]} {[%emt 00:04:32]} Rc8 {[%clk 00:57:51]} {[%emt 00:00:49]} 20.
Rhe1 {[%clk 01:16:35]} {[%emt 00:00:55]} Rc6 {[%clk 00:57:00]} {[%emt
00:01:21]} 21. Bd4 {[%clk 01:14:35]} {[%emt 00:02:29]} f6 {[%clk 00:54:36]}
{[%emt 00:02:55]} 22. Re6 {[%clk 01:07:34]} {[%emt 00:07:32]} Kd8 {[%clk
00:52:47]} {[%emt 00:02:18]} 23. Rde1 {[%clk 01:05:28]} {[%emt 00:02:37]} Re8
{[%clk 00:51:59]} {[%emt 00:01:18]} 24. Qh5 {[%clk 01:01:35]} {[%emt 00:04:23]}
d5 {[%clk 00:50:00]} {[%emt 00:02:28]} 25. R6e3 {[%clk 00:57:52]} {[%emt
00:04:14]} Rc4 {[%clk 00:41:11]} {[%emt 00:09:19]} 26. Qf7 {[%clk 00:55:18]}
{[%emt 00:03:04]} Rc6 {[%clk 00:40:41]} {[%emt 00:00:59]} 27. Qxg7 {[%clk
00:54:45]} {[%emt 00:01:04]} Qd6 {[%clk 00:38:36]} {[%emt 00:02:34]} 28. Qxh7
{[%clk 00:51:33]} {[%emt 00:03:43]} b5 {[%clk 00:37:50]} {[%emt 00:01:16]} 29.
Qf7 {[%clk 00:48:59]} {[%emt 00:03:05]} Rc7 {[%clk 00:37:30]} {[%emt 00:00:48]}
30. Re6 {[%clk 00:47:43]} {[%emt 00:01:47]} Qd7 {[%clk 00:34:26]} {[%emt
00:03:33]} 31. Bb6 {[%clk 00:47:56]} {[%emt 00:00:17]} Rf8 {[%clk 00:34:28]}
{[%emt 00:00:29]} 32. Qxe7+ {[%clk 00:48:14]} {[%emt 00:00:12]} Qxe7 {[%clk
00:34:41]} {[%emt 00:00:17]} 33. Rxe7 {[%clk 00:48:41]} {[%emt 00:00:03]} Kc8
{[%clk 00:34:41]} {[%emt 00:00:30]} 34. Rxc7+ {[%clk 00:48:47]} {[%emt
00:00:24]} Kb8 {[%clk 00:34:59]} {[%emt 00:00:12]} 35. Rce7 {[%clk 00:48:07]}
{[%emt 00:01:11]} Rg8 {[%clk 00:35:09]} {[%emt 00:00:18]} 36. Re8+ {[%clk
00:48:29]} {[%emt 00:00:09]} Rxe8 {[%clk 00:35:34]} {[%emt 00:00:06]} 37. Rxe8+
{[%clk 00:48:55]} {[%emt 00:00:04]} Kb7 {[%clk 00:35:56]} {[%emt 00:00:07]} 38.
Bd4 {[%clk 00:49:13]} {[%emt 00:00:12]} 1-0

[Event "DVM U16 2021"]
[Site "Kiel GER"]
[Date "2022.07.24"]
[Round "4"]
[White "Müller, Yannik"]
[Black "Eichhorn, Mathilda"]
[Result "0-1"]
[Termination "normal"]
[Board "10.2"]
[WhiteElo "1323"]
[BlackElo "1327"]
[WhiteClock "00:15:12"]
[BlackClock "00:35:25"]
[WhiteTeam "SV Grün-Weiß Niederwiesa"]
[BlackTeam "SV Schott Jena"]
[PlyCount "116"]
[WhiteFideId "16294750"]
[BlackFideId "16242289"]
[EventCountry "GER"]
[EventRounds "7"]
[EventType "team-swiss"]
[EventDate "2022.07.22"]

1. d4 {[%clk 01:30:59]} e6 {[%clk 01:30:52]} {[%emt 00:00:10]} 2. c4 {[%clk
01:31:24]} {[%emt 00:00:04]} Nf6 {[%clk 01:31:07]} {[%emt 00:00:14]} 3. Nc3
{[%clk 01:31:45]} {[%emt 00:00:08]} d5 {[%clk 01:31:20]} {[%emt 00:00:18]} 4.
Bg5 {[%clk 01:31:30]} {[%emt 00:00:44]} Nbd7 {[%clk 01:31:24]} {[%emt
00:00:26]} 5. cxd5 {[%clk 01:30:39]} {[%emt 00:01:21]} exd5 {[%clk 01:31:35]}
{[%emt 00:00:20]} 6. Nxd5 {[%clk 01:30:18]} {[%emt 00:00:51]} Nxd5 {[%clk
01:31:26]} {[%emt 00:00:40]} 7. Nf3 {[%clk 01:21:15]} {[%emt 00:09:32]} Bb4+
{[%clk 01:28:47]} {[%emt 00:03:08]} 8. Bd2 {[%clk 01:21:20]} {[%emt 00:00:25]}
Bxd2+ {[%clk 01:26:26]} {[%emt 00:02:52]} 9. Qxd2 {[%clk 01:19:50]} {[%emt
00:02:00]} N7f6 {[%clk 01:18:16]} {[%emt 00:08:40]} 10. e3 {[%clk 01:15:56]}
{[%emt 00:04:23]} O-O {[%clk 01:16:25]} {[%emt 00:02:21]} 11. Bc4 {[%clk
01:09:08]} {[%emt 00:07:18]} c6 {[%clk 01:13:40]} {[%emt 00:03:15]} 12. O-O
{[%clk 01:06:50]} {[%emt 00:02:47]} Bf5 {[%clk 01:11:55]} {[%emt 00:02:16]} 13.
Rfe1 {[%clk 01:03:44]} {[%emt 00:03:35]} Re8 {[%clk 01:04:03]} {[%emt
00:08:23]} 14. Ne5 {[%clk 01:01:09]} {[%emt 00:03:05]} Be6 {[%clk 01:03:24]}
{[%emt 00:01:09]} 15. e4 {[%clk 00:53:20]} {[%emt 00:08:18]} Nb6 {[%clk
01:03:15]} {[%emt 00:00:39]} 16. Bxe6 {[%clk 00:50:34]} {[%emt 00:03:17]} Rxe6
{[%clk 01:03:30]} {[%emt 00:00:15]} 17. Rad1 {[%clk 00:48:07]} {[%emt
00:02:57]} Qc7 {[%clk 00:59:34]} {[%emt 00:04:26]} 18. Qc2 {[%clk 00:43:40]}
{[%emt 00:04:57]} Rd8 {[%clk 00:50:49]} {[%emt 00:09:15]} 19. Nf3 {[%clk
00:41:45]} {[%emt 00:02:24]} Qc8 {[%clk 00:45:30]} {[%emt 00:05:50]} 20. Ng5
{[%clk 00:39:40]} {[%emt 00:02:35]} Ree8 {[%clk 00:43:53]} {[%emt 00:02:07]}
21. e5 {[%clk 00:37:17]} {[%emt 00:02:53]} h6 {[%clk 00:42:25]} {[%emt
00:01:58]} 22. Nxf7 {[%clk 00:34:06]} {[%emt 00:03:41]} Kxf7 {[%clk 00:42:33]}
{[%emt 00:00:22]} 23. exf6 {[%emt 00:00:40]} Rxe1+ {[%clk 00:41:03]} {[%emt
00:01:57]} 24. Rxe1 {[%clk 00:33:45]} {[%emt 00:00:43]} Re8 {[%clk 00:40:44]}
{[%emt 00:00:50]} 25. Qb3+ {[%clk 00:32:00]} {[%emt 00:02:15]} Kxf6 {[%clk
00:37:40]} {[%emt 00:03:34]} 26. Qf3+ {[%clk 00:31:33]} {[%emt 00:00:56]} Kg6
{[%clk 00:38:05]} {[%emt 00:00:05]} 27. Qd3+ {[%clk 00:31:48]} {[%emt
00:00:15]} Kf7 {[%clk 00:38:18]} {[%emt 00:00:17]} 28. Qb3+ {[%clk 00:30:50]}
{[%emt 00:01:28]} Kf8 {[%clk 00:38:24]} {[%emt 00:00:25]} 29. Rd1 {[%clk
00:27:06]} {[%emt 00:04:14]} Qe6 {[%clk 00:37:27]} {[%emt 00:01:27]} 30. Qb4+
{[%clk 00:25:03]} {[%emt 00:02:32]} Kg8 {[%clk 00:37:34]} {[%emt 00:00:23]} 31.
a3 {[%clk 00:20:52]} {[%emt 00:04:42]} Nd5 {[%clk 00:36:31]} {[%emt 00:01:34]}
32. Qd2 {[%clk 00:19:03]} {[%emt 00:02:18]} Qe2 {[%clk 00:34:40]} {[%emt
00:02:21]} 33. h3 {[%clk 00:16:45]} {[%emt 00:02:47]} Nf4 {[%clk 00:30:00]}
{[%emt 00:05:11]} 34. Kh2 {[%clk 00:14:27]} {[%emt 00:02:48]} Qxd2 {[%clk
00:30:12]} {[%emt 00:00:18]} 35. Rxd2 {[%clk 00:14:48]} {[%emt 00:00:08]} Re2
{[%clk 00:30:28]} {[%emt 00:00:14]} 36. Rxe2 {[%clk 00:15:14]} {[%emt
00:00:05]} Nxe2 {[%clk 00:30:51]} {[%emt 00:00:07]} 37. g4 {[%clk 00:14:56]}
{[%emt 00:00:47]} Nxd4 {[%clk 00:30:58]} {[%emt 00:00:24]} 38. Kg3 {[%clk
00:15:14]} {[%emt 00:00:11]} g5 {[%clk 00:30:36]} {[%emt 00:00:53]} 39. h4
{[%clk 00:15:18]} {[%emt 00:00:26]} Kg7 {[%clk 00:30:55]} {[%emt 00:00:10]} 40.
f4 {[%clk 00:14:39]} {[%emt 00:01:10]} Ne2+ {[%clk 00:31:14]} {[%emt 00:00:11]}
41. Kf3 {[%clk 00:14:12]} {[%emt 00:00:57]} Nxf4 {[%clk 00:31:29]} {[%emt
00:00:14]} 42. hxg5 {[%emt 00:01:28]} hxg5 {[%emt 00:00:07]} 43. Ke4 {[%clk
00:12:50]} {[%emt 00:00:18]} Kf6 {[%clk 00:31:48]} {[%emt 00:00:10]} 44. Kd4
{[%clk 00:13:11]} {[%emt 00:00:10]} b6 {[%clk 00:31:52]} {[%emt 00:00:27]} 45.
b4 {[%clk 00:13:15]} {[%emt 00:00:26]} Ke6 {[%clk 00:31:10]} {[%emt 00:01:11]}
46. a4 {[%clk 00:13:24]} {[%emt 00:00:21]} Kd6 {[%clk 00:31:27]} {[%emt
00:00:12]} 47. Ke4 {[%clk 00:13:08]} {[%emt 00:00:46]} a5 {[%clk 00:31:20]}
{[%emt 00:00:38]} 48. bxa5 {[%clk 00:12:44]} {[%emt 00:00:54]} bxa5 {[%clk
00:31:45]} {[%emt 00:00:04]} 49. Kf5 {[%clk 00:13:08]} {[%emt 00:00:06]} Nh3
{[%clk 00:32:08]} {[%emt 00:00:07]} 50. Ke4 {[%clk 00:13:08]} {[%emt 00:00:30]}
c5 {[%clk 00:32:28]} {[%emt 00:00:10]} 51. Kd3 {[%clk 00:13:06]} {[%emt
00:00:32]} Nf2+ {[%clk 00:32:49]} {[%emt 00:00:09]} 52. Kc3 {[%clk 00:13:31]}
{[%emt 00:00:06]} Nxg4 {[%clk 00:33:11]} {[%emt 00:00:08]} 53. Kc4 {[%clk
00:13:52]} {[%emt 00:00:09]} Kc6 {[%clk 00:33:33]} {[%emt 00:00:08]} 54. Kd3
{[%clk 00:14:05]} {[%emt 00:00:16]} Kd5 {[%clk 00:33:56]} {[%emt 00:00:08]} 55.
Kc3 {[%clk 00:14:29]} {[%emt 00:00:05]} Ne5 {[%clk 00:34:14]} {[%emt 00:00:13]}
56. Kd2 {[%clk 00:14:28]} {[%emt 00:00:31]} g4 {[%clk 00:34:37]} {[%emt
00:00:07]} 57. Ke3 {[%clk 00:14:49]} {[%emt 00:00:09]} c4 {[%clk 00:35:01]}
{[%emt 00:00:05]} 58. Ke2 {[%clk 00:15:12]} {[%emt 00:00:07]} Kd4 {[%clk
00:35:25]} {[%emt 00:00:06]} 0-1

[Event "DVM U16 2021"]
[Site "Kiel GER"]
[Date "2022.07.24"]
[Round "4"]
[White "Junge, Mattheo Gabriel"]
[Black "Leuthier, Richard"]
[Result "1-0"]
[Termination "normal"]
[Board "10.3"]
[WhiteElo "1146"]
[BlackElo "1145"]
[WhiteClock "01:11:02"]
[BlackClock "00:32:31"]
[WhiteTeam "SV Schott Jena"]
[BlackTeam "SV Grün-Weiß Niederwiesa"]
[PlyCount "51"]
[WhiteFideId "34605908"]
[BlackFideId "34628363"]
[EventCountry "GER"]
[EventRounds "7"]
[EventType "team-swiss"]
[EventDate "2022.07.22"]

1. e4 {[%clk 01:30:56]} {[%emt 00:00:01]} c5 {[%clk 01:30:48]} {[%emt
00:00:13]} 2. Nc3 {[%clk 01:31:18]} {[%emt 00:00:07]} Nc6 {[%clk 01:30:55]}
{[%emt 00:00:23]} 3. Nge2 {[%clk 01:31:38]} {[%emt 00:00:09]} Nf6 {[%clk
01:30:51]} {[%emt 00:00:35]} 4. g3 {[%clk 01:31:55]} {[%emt 00:00:12]} g6
{[%clk 01:31:03]} {[%emt 00:00:18]} 5. Bg2 {[%clk 01:32:12]} {[%emt 00:00:14]}
Bg7 {[%clk 01:31:10]} {[%emt 00:00:23]} 6. O-O {[%clk 01:32:24]} {[%emt
00:00:18]} O-O {[%clk 01:30:39]} {[%emt 00:01:01]} 7. d3 {[%clk 01:32:44]}
{[%emt 00:00:10]} e5 {[%clk 01:24:15]} {[%emt 00:06:53]} 8. Be3 {[%clk
01:32:50]} {[%emt 00:00:24]} d6 {[%clk 01:23:12]} {[%emt 00:01:33]} 9. h3
{[%clk 01:31:24]} {[%emt 00:01:56]} b6 {[%clk 01:16:32]} {[%emt 00:07:10]} 10.
f4 {[%emt 00:07:10]} exf4 {[%clk 01:10:25]} 11. Bxf4 {[%clk 01:29:24]} {[%emt
00:02:27]} Bb7 {[%clk 01:04:10]} {[%emt 00:06:44]} 12. Qd2 {[%clk 01:29:30]}
{[%emt 00:00:24]} Re8 {[%clk 00:59:22]} {[%emt 00:05:18]} 13. Bg5 {[%clk
01:27:36]} {[%emt 00:02:24]} Ne5 {[%clk 00:55:40]} {[%emt 00:04:12]} 14. Nd5
{[%clk 01:18:18]} {[%emt 00:09:48]} Ned7 {[%clk 00:52:16]} {[%emt 00:03:55]}
15. Nec3 {[%clk 01:18:08]} {[%emt 00:00:40]} Re6 {[%clk 00:46:06]} {[%emt
00:06:40]} 16. Qf4 {[%clk 01:17:26]} {[%emt 00:01:08]} Qb8 {[%clk 00:42:27]}
{[%emt 00:04:13]} 17. h4 {[%clk 01:16:14]} {[%emt 00:01:41]} Bxd5 {[%clk
00:39:11]} {[%emt 00:03:46]} 18. Nxd5 {[%clk 01:16:03]} {[%emt 00:00:41]} Qb7
{[%clk 00:38:41]} {[%emt 00:01:00]} 19. Bh3 {[%clk 01:13:49]} {[%emt 00:02:44]}
Rf8 {[%clk 00:34:47]} {[%emt 00:04:25]} 20. Bxe6 {[%clk 01:13:28]} {[%emt
00:00:50]} fxe6 {[%clk 00:34:56]} {[%emt 00:00:21]} 21. Nxf6+ {[%clk 01:12:27]}
{[%emt 00:01:32]} Nxf6 {[%clk 00:34:37]} {[%emt 00:00:49]} 22. Qxd6 {[%clk
01:11:32]} {[%emt 00:01:24]} Nh5 {[%clk 00:32:47]} {[%emt 00:02:21]} 23. Qxe6+
{[%clk 01:11:12]} {[%emt 00:00:49]} Kh8 {[%clk 00:32:31]} {[%emt 00:00:46]} 24.
Rxf8+ {[%clk 01:10:46]} {[%emt 00:00:57]} Bxf8 {[%clk 00:32:32]} {[%emt
00:00:29]} 25. Bf6+ {[%clk 01:10:45]} {[%emt 00:00:31]} Bg7 {[%clk 00:32:31]}
{[%emt 00:00:31]} 26. Qe8# {[%clk 01:11:02]} {[%emt 00:00:12]} 1-0

[Event "DVM U16 2021"]
[Site "Kiel GER"]
[Date "2022.07.24"]
[Round "4"]
[White "Haubold, Henry"]
[Black "Eichhorn, Josephine"]
[Result "0-1"]
[Termination "normal"]
[Board "10.4"]
[WhiteElo "963"]
[BlackElo "1337"]
[WhiteClock "00:50:40"]
[BlackClock "00:44:18"]
[WhiteTeam "SV Grün-Weiß Niederwiesa"]
[BlackTeam "SV Schott Jena"]
[PlyCount "90"]
[WhiteFideId "34628355"]
[BlackFideId "16242254"]
[EventCountry "GER"]
[EventRounds "7"]
[EventType "team-swiss"]
[EventDate "2022.07.22"]

1. c4 {[%emt 00:07:12]} e5 {[%emt 00:00:04]} 2. Nc3 {[%clk 01:30:47]} {[%emt
00:00:05]} Nf6 {[%clk 01:30:37]} {[%emt 00:00:24]} 3. Nf3 {[%clk 01:30:49]}
{[%emt 00:00:29]} d6 {[%clk 01:29:30]} {[%emt 00:01:37]} 4. g3 {[%clk
01:30:07]} {[%emt 00:01:12]} Be7 {[%clk 01:22:36]} {[%emt 00:07:24]} 5. Bg2
{[%clk 01:26:53]} {[%emt 00:03:44]} c6 {[%clk 01:19:16]} {[%emt 00:03:50]} 6.
e4 {[%clk 01:22:22]} {[%emt 00:05:00]} Bg4 {[%clk 01:18:40]} {[%emt 00:01:06]}
7. d3 {[%clk 01:19:55]} {[%emt 00:02:58]} O-O {[%clk 01:14:25]} {[%emt
00:04:45]} 8. Be3 {[%clk 01:17:12]} {[%emt 00:03:13]} d5 {[%clk 01:09:11]}
{[%emt 00:05:43]} 9. cxd5 {[%clk 01:09:29]} {[%emt 00:08:13]} cxd5 {[%clk
01:09:31]} {[%emt 00:00:10]} 10. exd5 {[%clk 01:09:52]} {[%emt 00:00:08]} Nxd5
{[%clk 01:09:06]} {[%emt 00:00:53]} 11. Nxd5 {[%clk 01:09:07]} {[%emt
00:01:16]} Qxd5 {[%clk 01:09:19]} {[%emt 00:00:17]} 12. Qc2 {[%clk 01:07:26]}
{[%emt 00:02:11]} Bxf3 {[%clk 01:06:13]} {[%emt 00:03:36]} 13. Bxf3 {[%clk
01:05:20]} {[%emt 00:02:36]} Qxf3 {[%clk 01:06:31]} {[%emt 00:00:12]} 14. O-O
{[%clk 01:05:01]} {[%emt 00:00:49]} Nc6 {[%clk 01:05:30]} {[%emt 00:01:31]} 15.
Rad1 {[%clk 01:02:49]} {[%emt 00:02:42]} Rac8 {[%clk 01:05:31]} {[%emt
00:00:29]} 16. Qa4 {[%clk 01:02:30]} {[%emt 00:00:49]} Kh8 {[%clk 01:04:18]}
{[%emt 00:01:44]} 17. Rfe1 {[%clk 00:59:46]} {[%emt 00:03:13]} Bf6 {[%clk
01:03:02]} {[%emt 00:01:45]} 18. a3 {[%clk 00:57:55]} {[%emt 00:02:23]} Rfd8
{[%clk 00:57:18]} {[%emt 00:06:13]} 19. Qc4 {[%clk 00:55:53]} {[%emt 00:02:32]}
Rd7 {[%clk 00:49:36]} {[%emt 00:08:12]} 20. Rd2 {[%clk 00:54:18]} {[%emt
00:02:05]} Rdc7 {[%clk 00:49:11]} {[%emt 00:00:55]} 21. Qe4 {[%clk 00:52:08]}
{[%emt 00:02:41]} Qxe4 {[%clk 00:48:27]} {[%emt 00:01:14]} 22. dxe4 {[%clk
00:52:29]} {[%emt 00:00:09]} Nd4 {[%clk 00:48:31]} {[%emt 00:00:25]} 23. Bxd4
{[%clk 00:51:30]} {[%emt 00:01:29]} exd4 {[%clk 00:48:51]} {[%emt 00:00:09]}
24. f3 {[%clk 00:50:17]} {[%emt 00:01:44]} g6 {[%clk 00:48:42]} {[%emt
00:00:40]} 25. f4 {[%clk 00:50:11]} {[%emt 00:00:36]} Be7 {[%clk 00:48:09]}
{[%emt 00:01:02]} 26. Kf2 {[%clk 00:49:56]} {[%emt 00:00:45]} Rc2 {[%clk
00:46:49]} {[%emt 00:01:50]} 27. Ree2 {[%clk 00:49:47]} {[%emt 00:00:39]} d3
{[%clk 00:45:39]} {[%emt 00:01:40]} 28. Rxd3 {[%clk 00:49:20]} {[%emt
00:00:57]} Rxe2+ {[%clk 00:44:52]} {[%emt 00:01:17]} 29. Kxe2 {[%clk 00:49:41]}
{[%emt 00:00:09]} Rc2+ {[%clk 00:45:13]} {[%emt 00:00:08]} 30. Rd2 {[%clk
00:49:53]} {[%emt 00:00:20]} Rxd2+ {[%clk 00:45:31]} {[%emt 00:00:12]} 31. Kxd2
{[%clk 00:50:15]} {[%emt 00:00:08]} Kg7 {[%clk 00:45:44]} {[%emt 00:00:16]} 32.
e5 {[%clk 00:50:14]} {[%emt 00:00:31]} f6 {[%clk 00:45:45]} {[%emt 00:00:29]}
33. Kd3 {[%clk 00:49:38]} {[%emt 00:01:06]} a5 {[%clk 00:45:29]} {[%emt
00:00:46]} 34. a4 {[%clk 00:49:36]} {[%emt 00:00:33]} fxe5 {[%clk 00:44:52]}
{[%emt 00:01:06]} 35. fxe5 {[%clk 00:49:25]} {[%emt 00:00:41]} Kf7 {[%clk
00:45:03]} {[%emt 00:00:19]} 36. Kd4 {[%clk 00:49:36]} {[%emt 00:00:19]} Ke6
{[%clk 00:44:47]} {[%emt 00:00:45]} 37. h3 {[%clk 00:49:38]} {[%emt 00:00:29]}
g5 {[%clk 00:42:58]} {[%emt 00:02:19]} 38. b3 {[%clk 00:49:15]} {[%emt
00:00:53]} b6 {[%clk 00:43:17]} {[%emt 00:00:11]} 39. Ke4 {[%clk 00:49:26]}
{[%emt 00:00:19]} Bc5 {[%clk 00:43:26]} {[%emt 00:00:21]} 40. g4 {[%clk
00:49:26]} {[%emt 00:00:29]} h6 {[%clk 00:43:15]} {[%emt 00:00:41]} 41. Kf3
{[%clk 00:49:16]} {[%emt 00:00:40]} Kxe5 {[%clk 00:43:31]} {[%emt 00:00:14]}
42. Kg3 {[%clk 00:49:36]} {[%emt 00:00:10]} Kd4 {[%clk 00:43:48]} {[%emt
00:00:13]} 43. h4 {[%clk 00:49:55]} {[%emt 00:00:12]} gxh4+ {[%clk 00:44:03]}
{[%emt 00:00:15]} 44. Kxh4 {[%clk 00:50:16]} {[%emt 00:00:09]} Kc3 {[%clk
00:43:58]} {[%emt 00:00:34]} 45. Kh5 {[%clk 00:50:40]} {[%emt 00:00:06]} Be3
{[%clk 00:44:18]} {[%emt 00:00:11]} 0-1